000
00262nam a22001097a 4500
008
170112b xxu||||| |||| 00| 0 eng d
020
_a
0201092700
041
_a
eng
080
_a
618.2
245
_a
ESSENTIALS OF MENTAL HEALTH NURSING
_c
COOK, J.S
942
_2
udc
_c
BK
999
_c
2804
_d
2804